Normal view
MARC view
- Covino, William A
Entry Personal Name
001 - CONTROL NUMBER
- control field: 106895
003 - CONTROL NUMBER IDENTIFIER
- control field: NUST
005 - DATE AND TIME OF LATEST TRANSACTION
- control field: 20230116144629.0
008 - FIXED-LENGTH DATA ELEMENTS
- fixed length control field: 230116|| aca||aabn | a|a d
040 ## - CATALOGING SOURCE
- Original cataloging agency: NUST
- Transcribing agency: NUST
100 ## - HEADING--PERSONAL NAME
- Personal name: Covino, William A
670 ## - SOURCE DATA FOUND
- Source citation: Work cat.: (NUST)185978: Covino, William A., Cliffs Graduate record examination aptitude test :, c1982.
